00483 a2200181 450000100060000002000060000604000220001210000210003424000400005524500350009530000080013036200090013844000090014765000150015694200070017195201060017899900170028461072 a  cAnchieta - Pituba aPaulino, Graça10aTeoria da literatura na escolalpor10aTeoria da literatura na escola a1200 a1994 1aLê 4aLITERATURA cBK 00104070a91.1b91.1d2023-11-21l0o800 T314t TEOp12956/PITr2023-11-21 18:29:11w2023-11-21yBK c61072d61072